La hora de la ética empresarial /
Guardado en:
| Autor Principal: | |
|---|---|
| Formato: | Libro |
| Idioma: | Spanish |
| Publicado: |
Madrid :
McGraw-Hill, Interamericana,
c1995.
|
| Series: | Serie McGraw-Hill de management.
|
| Materias: | |
| Etiquetas: |
Agregar Etiqueta
Sin Etiquetas, Sea el primero en etiquetar este registro!
|
| LEADER | 00718nam a22001935 4500 | ||
|---|---|---|---|
| 001 | EAD.ead002136 | ||
| 008 | 080718s1995####sp#######b####000#0#spa#d | ||
| 005 | 20240130134259.0 | ||
| 245 | 1 | 3 | |a La hora de la ética empresarial / |c José María Ortiz Ibarz ; prólogo, Emilio de Ybarra Churruca. |
| 260 | |a Madrid : |b McGraw-Hill, Interamericana, |c c1995. | ||
| 300 | |a xii, 172 p. ; |c 23 cm. | ||
| 490 | 0 | |a Serie McGraw-Hill de management | |
| 504 | |a Incluye referencias bibliográficas. | ||
| 020 | |a 8448103203 | ||
| 100 | 1 | |a Ortiz Ibarz, José María. | |
| 830 | 0 | |a Serie McGraw-Hill de management. | |
| 082 | 0 | 4 | |a 174.4 |2 21 |
| 650 | 7 | |a Ética de los negocios. |2 scdd | |
| 859 | |a AR-BaBDC |b BIB. ADMINISTRACION - Libros |h 174.4 |i Or8 |p b04321 | ||
